000 00401cam a22001217a 4500
008 180718b1961 xxu||||| |||| 00| 0 eng d
082 _aQ43104x71 W495
100 _aWerner, Ruth M.
245 _aPublic financing of voluntary agency foster care
_cby Ruth M. Werner
260 _aNew York
_bChild Welfare League of America
_c1961
300 _a165p.
650 _aFoster home care --United States --Finance
999 _c433189
_d433189